Karjalan suurimmat kaupungit - Statistics

Yleistilastot
  • Tätä visaa on pelattu 59 kertaa
  • Keskiarvotulos 8 / 14
Vastaustilastot
Väkiluku Alue Kaupunki % Oikein
71 000 Karjalan kannas Viipuri
96%
79 000 Pohjois-Karjala Joensuu
93%
73 000 Etelä-Karjala Lappeenranta
89%
236 000 Aunuksen Karjala Petroskoi
89%
25 000 Etelä-Karjala Imatra
82%
18 000 Karjalan Kannas Käkisalmi
78%
15 000 Laatokan Karjala Sortavala
76%
13 000 Karjalan Kannas Enso
36%
12 000 Aunuksen Karjala Karhumäki
36%
26 000 Vienan Karjala Kostamus
36%
10 000 Vienan Karjala Vienan Kemi
36%
25 000 Aunuksen Karjala Kontupohja
24%
16 000 Karjalan Kannas Raivola
24%
23 000 Vienan Karjala Segeža
18%
Ehtoja vastaavia visoja ei löytynyt
Tulosjakauma
Jokaisen tuloksen saaneiden osuus
Persentiili vastausten määrän mukaan
Tuloshistoriasi
Et ole pelannut tätä visaa